000 00506cam a22002171 4500
001 sa 68002602
003 DLC
005 20260227112445.0
008 950117s1966 ii 000 1 tamo
010 _asa 68002602
025 _aPL480:I-T-2001
035 _a(OCoLC)31829383
040 _aDLC
_cCU
_dCU
_dDLC
042 _apremarc
050 0 0 _aPL4758.8
_b.K33
245 0 0 _aKataik koṭi.
260 _c[1966]
300 _a98 p.
_c18 cm.
500 _aIn Tamil.
650 0 _aShort stories, Tamil.
999 _c78855
_d78855